000
00198 a2200097 4500
020
_a
9780062221308
041
_a
eng
100
_a
Herman Paris
245
_a
Amelia Bedelia Joins the Club
942
_c
K
999
_c
27797
_d
27797